[Event "Corus"]
[Site "Wijk aan Zee"]
[Date "2001.01.13"]
[Round "1"]
[White "Van Wely, Loek"]
[Black "Ivanchuk, Vassily"]
[Result "1/2-1/2"]
[WhiteElo "2700"]
[BlackElo "2717"]
[Annotator "Stohl,I"]
[PlyCount "142"]
[EventDate "2001.01.13"]
[EventType "tourn"]
[EventRounds "13"]
[EventCountry "NED"]
[EventCategory "19"]
[SourceTitle "CBM 081"]
[Source "ChessBase"]
[SourceDate "2001.03.20"]
[SourceVersion "1"]
[SourceVersionDate "2001.03.20"]
[SourceQuality "1"]

1. d4 Nf6 2. c4 e6 3. Nf3 c5 4. d5 d6 5. Nc3 exd5 6. cxd5 g6 7. h3 a6 {The
most usual alternative to} (7... Bg7 8. e4 O-O 9. Bd3 {when Black is fighting
for equality with no chance to win even after the best} b5) 8. a4 Qe7 9. Bf4 (
9. Bg5 {is played more often, but the text is also interesting.}) 9... Nbd7 (
9... Nh5 $5 10. Bg5 (10. Bh2 $6 f5 $15) 10... f6 11. Bd2 f5 $13) (9... Bg7 $2 {
is a serious mistake due to} 10. Nd2 $1 O-O 11. Nc4 {[%csl Rb6,Gc4] White
takes control of the <<} Rd8 12. e3 Ne8 13. a5 Nd7 14. Na4 Ne5 15. Nab6 Nxc4
16. Bxc4 Rb8 17. Qd2 Nf6 18. Be2 Bd7 19. O-O Bb5 20. Bg5 $1 h6 21. Bxf6 Bxf6
22. Rab1 Qe4 23. Rfc1 Be5 24. Bf1 Re8 25. b4 $16 {Blagojevic,D-Arsovic,Z/
Podgorica/1996/}) 10. e3 ({Straightforward, but unclear is} 10. Nd2 Ne5 11.
Bxe5 (11. e4 Bg7 12. Be2 O-O 13. O-O Nfd7 {[%cal Yg6g5] /\g5 gives Black a
satisfactory postition, resembling the main line.}) 11... Qxe5 12. Nc4 Qe7 13.
Qd2 h5 (13... Nd7 14. Qf4 f5 $13) 14. Qf4 Bf5 15. e3 Rd8 16. Be2 Ne4 $1 (16...
Bg7 $11) 17. O-O Bh6 18. Qh2 Bg7 19. Nxe4 Bxe4 20. Rfd1 g5 21. a5 g4 22. Rac1
Rh6 23. hxg4 hxg4 24. Qg3 f5 25. f3 {Browne,W-Gurevich,D/Los Angeles op/ 1987/}
gxf3 26. Bxf3 Kf7 $36) (10. Ra3 $6 {loses too much time:} Bg7 11. e4 O-O 12.
Bd3 Nh5 13. Bg5 f6 14. Be3 f5 $1 15. exf5 Nf4 $36 16. Bf1 $2 Rxf5 17. g3 Bxc3+
18. Rxc3 Nxd5 19. Bc4 N7b6 20. g4 Nxc4 21. gxf5 Nxc3 22. Qb3 Qe4 23. bxc3 d5 {
0-1,Sisaetto,O-Yakovich,Y/Stockholm/2000/}) 10... Bg7 11. Be2 O-O 12. O-O Rb8 (
12... Ne8 13. e4 Rb8 14. Bg5 Bf6 15. Bh6 Bg7 16. Bg5 Bf6 17. Bh6 {1/2,Halkias,
S-Emms,J/Istanbul olm/2000/}) 13. Re1 (13. Bh2 Ne8 (13... Re8 14. Nd2 Ne5 15.
Kh1 g5 16. f4 gxf4 17. exf4 Ng6 18. Bd3 Bd7 19. a5 Rbd8 20. Nf3 Qe3 21. Ng5 Nh4
22. Qc2 h6 23. Nf3 Nxf3 24. Rxf3 Qd4 25. f5 Re3 26. Bg1 Qxd3 27. Qxd3 Rxd3 28.
Rxd3 Bxf5 29. Re3 $16 {Sokolov,I-Kamsky,G/Amsterdam/1996/}) 14. Qc2 Nc7 15.
Rfd1 Re8 16. a5 b5 17. axb6 Rxb6 18. Nd2 Ne5 19. Kh1 Rb4 $6 (19... Nb5 $142
$132) 20. Nb3 Nb5 21. Na5 Bf5 22. Qd2 Qc7 23. Rdc1 Nxc3 24. bxc3 Re4 {Gonzalez
Garcia,J-Stocek,J/Budapest/1998/} 25. Bxe5 $5 Bxe5 26. Nc6 $16) (13. Nd2 Ne8
14. Nc4 Ne5 15. Nb6 f5 16. Qd2 Nf6 17. a5 Nfd7 18. Nca4 Nf6 19. Nc3 Nfd7 20.
Nxc8 Rbxc8 21. Ra4 Nf7 22. Bg3 Nf6 23. f4 Rfe8 24. Bf2 Qd7 25. b3 Re7 26. Bd3
Rce8 27. Bc2 Qc7 $11 {Morovic Fernandez,I-Illescas Cordoba,M/ESP-chT/1990/})
13... Ne8 (13... h6 14. e4 Nh7 15. Nd2 Ne5 16. Bh2 g5 17. Bf1 Re8 18. Nc4 Nxc4
19. Bxc4 Be5 20. Qd2 Qf6 21. Bxe5 Rxe5 22. Rab1 Nf8 23. b4 Nd7 24. Be2 $14 {
1/2,San Segundo,P-Foisor,O/Zaragoza op/1996/}) 14. e4 Nc7 $6 {Black now and
even later avoids Ne5 and lands in a passive position.} ({More logical and
consistent was} 14... Ne5 $142 15. Nxe5 Bxe5 16. Bh6 (16. Bxe5 Qxe5 17. Qd2 f5
$132) 16... Ng7 17. f4 Bd4+ 18. Kh2 Bd7 19. Qd2 Rfe8 20. Bf3 Qd8 21. Bg5 Qa5
22. Qc2 f5 23. g4 Qb4 24. Re2 b5 25. axb5 Bxb5 $13 {1/2,Greenfeld,A-Psakhis,L/
ISR-chT/1997/}) 15. Bf1 Rd8 (15... b5 $2 16. e5 $1) (15... Ne5 16. Nxe5 Bxe5
17. Bxe5 Qxe5 18. Qd2 $14) 16. Qd2 b6 (16... b5 17. axb5 Nxb5 (17... axb5 $6
18. Ra7 $16) 18. Nxb5 axb5 19. Ra7 $36) 17. Rab1 (17. Rad1 $1 $36 {[%cal Re4e5]
/\e5}) 17... Bb7 18. b4 Ba8 19. Rb3 (19. b5 $142 a5 20. Rbd1 $14 {[+]|^}) 19...
Qf8 $1 20. Reb1 Rbc8 {Black has at least prevented any immediate breaks.} 21.
bxc5 $2 {Lets out Black's pieces and gives him the advantage and an |^.} (21.
b5 $142 $11 {/+/= although now it is not ideal as White's R on the b-file are
silly.}) 21... Nxc5 $1 (21... bxc5 $2 22. Bc4 $16) 22. Rb4 (22. Rxb6 $2 Bxc3
23. Qxc3 Nxe4 $1 $19 {[%cal Rc7d5] /\Nd5 wins material.}) 22... Re8 $36 23. Re1
a5 (23... f5 24. exf5 (24. e5 dxe5 25. Bxe5 Nd7 $17) 24... Rxe1 (24... Bxc3 25.
Qxc3 Nxd5 26. Bc4 Qxf5 27. Bh6 $44) (24... Qxf5 25. Nd4 $13) 25. Qxe1 gxf5 $5
$15 (25... Bxc3 26. Qxc3 Nxd5 27. Bc4 $13)) 24. Rc4 $8 (24. Rbb1 Bxc3 25. Qxc3
Rxe4 $17) 24... Bb7 $1 {[%cal Rb7a6] /\Ba6} 25. e5 dxe5 $2 (25... Ba6 $142 26.
exd6 (26. Rxc5 bxc5 27. Bxa6 Nxa6 28. exd6 Rxe1+ 29. Qxe1 Nb4 $17) 26... Bxc4
27. Bxc4 (27. dxc7 $5 Bxc3 28. Qxc3 Bxd5 $17) 27... Rxe1+ 28. Qxe1 Bxc3 29.
Qxc3 Ne8 $17) 26. Bxe5 Red8 27. Bxg7 Qxg7 28. d6 $8 Qf6 29. Rd1 Ne8 (29... Bxf3
$143 30. Rf4 $1 {/\Rf3+/=}) 30. Nb5 Bxf3 31. gxf3 (31. Rf4 $2 Qxf4 32. Qxf4
Bxd1 $19) 31... Rd7 (31... Qxf3 32. Bg2 $44) 32. h4 $5 {[%cal Rf1h3] /\Bh3
White finds the only way to get some <=>.} (32. Rf4 Qg5+ 33. Kh1 (33. Rg4 Qxd2
34. Rxd2 Rcd8 $17 35. Rgd4 $2 Nb3) 33... Ne6 34. Rd4 Qf6 $40) 32... Nxd6 (32...
Qe6 $2 33. Re1 Qf5 34. Rf4 $14) 33. Rd4 (33. Rxc5 Rxc5 34. Nxd6 Qxh4 $19 {->})
(33. Nxd6 Rcd8 34. Rd4 Nb3 35. Qf4 $8 Qxf4 36. Rxf4 Rxd6 37. Rxd6 Rxd6 38. Bc4
Rd4 $1 $17) 33... Ndb7 (33... Nxb5 34. Rxd7 Nc3 (34... Nxd7 $2 35. Qxd7 $16)
35. Rd8+ Qxd8 36. Qxd8+ Rxd8 37. Rxd8+ Kg7 38. Bc4 $11) (33... Nb3 $142 $1 34.
Rxd6 (34. Qf4 Qxf4 35. Rxf4 Rcd8 36. Nxd6 Rxd6 37. Rxd6 Rxd6 38. Bc4 Rd4 $17)
34... Nxd2 35. Rxf6 Nxf3+ 36. Rxf3 Rxd1 $15 {/-/+}) 34. Rxd7 Nxd7 35. Qxd7 Rd8
36. Qxb7 Rxd1 37. Qc8+ Kg7 38. Qc3 Qxc3 39. Nxc3 Rd4 40. Bb5 $11 {White has
maintained material balance and manages to keep his Ph4 as well, the _|_ is
drawish.} Kf6 (40... Rxh4 $2 41. Nd5 {[%csl Ra5,Rb6] /\Nb6-c4,׫}) 41. Kg2 Ke7
42. Kg3 f5 43. Be2 Kf6 44. f4 Ke6 45. Kf3 Rb4 46. Ke3 Kd6 47. Bd3 Kc5 48. h5
Rb3 49. hxg6 hxg6 50. Kd2 Rb2+ 51. Bc2 {Now it's White who is trying to win,
but Black's position is solid enough.} (51. Ke3 Rb3 $11) 51... Rb4 52. Ne2 Kd6
53. Kc3 b5 {Getting rid of a potential weakness.} 54. axb5 Rxb5 55. Nd4 Rb7 56.
Bb3 Rh7 57. f3 Rh1 58. Bf7 Rg1 59. Be8 Ke7 60. Bb5 Kf6 61. Kc2 Rh1 {Keeps the
pawn structure intact.} (61... g5 62. fxg5+ Rxg5 63. f4 Rg4 64. Ne2 Rh4 65. Kb3
Kg6 66. Be8+ Kh6 67. Ka4 Rh2 $11) 62. Kd2 Ra1 63. Kc3 Ra3+ 64. Kc4 Kg7 65. Bc6
Ra1 66. Nb3 Ra2 67. Nc5 Kh6 68. Kb5 Kh5 69. Na4 Rc2 70. Nb6 Kh4 71. Be8 (71.
Nc4 Kg3 $11) 71... Kg3 (71... Kg3 72. Bxg6 Kxf4 73. Nd5+ Kg5 74. Bh7 $11)
1/2-1/2

[Event "YUG-ch"]
[Site "Podgorica"]
[Date "1996.??.??"]
[Round "11"]
[White "Blagojevic, Dragisa"]
[Black "Arsovic, Zoran"]
[Result "1-0"]
[WhiteElo "2450"]
[BlackElo "2460"]
[Annotator "Stohl,I"]
[PlyCount "85"]
[EventDate "1996.02.??"]
[EventType "tourn"]
[EventRounds "15"]
[EventCountry "YUG"]
[EventCategory "9"]
[SourceTitle "CBM 053"]
[Source "ChessBase"]
[SourceDate "1996.08.01"]
[SourceVersion "1"]
[SourceVersionDate "1996.08.01"]
[SourceQuality "1"]

1. d4 Nf6 2. c4 e6 3. Nf3 c5 4. d5 exd5 5. cxd5 d6 6. Nc3 a6 7. a4 g6 8. h3 $5
(8. e4 Bg4 9. h3 (9. Qb3 $6 Bxf3 10. Qxb7 Bxg2 11. Bxg2 Nbd7 12. O-O Be7 13. b4
O-O 14. bxc5 Nxc5 15. Qb1 Ng4 16. Ra3 Bf6 17. Ne2 Re8 18. Bf4 Bg7 19. a5 Rb8
20. Qd1 Rb4 21. Bd2 Rb7 22. Bc3 Bxc3 23. Nxc3 Qh4 24. h3 Nf6 25. Qd4 Nh5 $40 {
Schmidt,B-De Firmian,N/Biel op/1994/}) 9... Bxf3 10. Qxf3 Bg7 11. g4 $5 (11.
Be2 O-O 12. O-O Nbd7 13. Bf4 Qe7 14. Rfe1 Rfe8 15. Bf1 Nh5 16. Bh2 Ne5 17. Qe3
Rac8 18. g4 Nf6 19. Kg2 h5 20. g5 Nh7 21. f4 Nd7 22. Bd3 c4 23. Bc2 Nc5 24. h4
Nf8 $132 {Olsen,H-Thuesen,M/DEN-ch/1995/}) 11... O-O 12. Bg2 Nbd7 13. Qg3 Ne8
14. O-O c4 15. g5 Ne5 16. Bd2 Rb8 17. Kh1 b5 18. axb5 axb5 19. f4 Nd3 20. b4
Qd7 21. Rfb1 f6 22. gxf6 Bxf6 23. Rf1 Qg7 24. Ra3 Nxb4 25. e5 $13 {Douven,
R-Antonio,J/Thessaloniki olm/1988/}) 8... Qe7 (8... Bg7 9. e4 O-O 10. Bd3 $14 {
-A70}) 9. Bf4 (9. Bg5 Nbd7 (9... Bg7 10. Nd2 Nbd7 11. e3 h6 12. Bh4 g5 13. Bg3
Ne5 14. Be2 O-O 15. Qc2 Bd7 16. O-O b5 17. axb5 axb5 18. Rxa8 Rxa8 19. Bxe5
dxe5 20. Bxb5 Bxb5 21. Nxb5 Nxd5 22. Ne4 Nb4 23. Qc4 Ra2 24. Rb1 Bf8 25. Rd1
Ra6 26. Nbd6 $16 {[%csl Rf5,Rf7,Rg6,Rh7] ><f5,>>,Chernin,A-Milov,V/Biel op/
1994/}) 10. e3 (10. Nd2 Bg7 11. e3 O-O 12. Be2 h6 13. Bh4 g5 14. Bg3 Ne8 15. h4
Ne5 16. hxg5 hxg5 17. Qc2 f5 18. a5 Rb8 19. Bxe5 Bxe5 20. Nc4 Bg7 21. Nb6 Nc7
22. g4 Bd7 23. Bd3 Nb5 24. Nxd7 Qxd7 25. Nxb5 axb5 26. Bxf5 $18 {Wells,
P-Kovacevic,Sl/Harkany op/1994/}) 10... Bg7 11. Be2 O-O 12. O-O h6 13. Bh4 Ne5
14. Nd2 g5 15. Bg3 Bf5 $5 (15... Re8 16. Re1 Rb8 17. a5 Bf5 18. e4 Bg6 19. Ra4
Nfd7 20. Qc2 Rbc8 21. b3 Qf8 22. Nf1 f5 23. exf5 Bxf5 24. Qd2 Nf6 25. Ne3 $36 {
Karpov,An-De Firmian,N/Biel-A/1990/}) 16. a5 Nfd7 17. Ra4 Bh7 18. e4 f5 19.
exf5 Bxf5 20. Re1 Qd8 21. Nde4 b5 22. axb6 Qxb6 23. Qa1 a5 24. Kh1 Rfb8 25. Bb5
Nf8 26. f4 gxf4 27. Bxf4 Nfg6 28. Bh2 Rf8 $132 {San Segundo,P-Spraggett,K/
Zaragoza op/1994/}) 9... Bg7 $6 (9... Nh5 $5 10. Bg5 (10. Bh2 f5 $1 $36) 10...
f6 11. Bd2 f5 12. Bg5 Qf7 $13) (9... Nbd7 10. Nd2 $5 (10. e3 Bg7 11. Be2 O-O
12. O-O b6 (12... Rb8 13. Nd2 Ne8 14. Nc4 Ne5 15. Nb6 f5 16. Qd2 Nf6 17. a5
Nfd7 18. Nca4 Nf6 19. Nc3 Nfd7 20. Nxc8 Rbxc8 21. Ra4 Nf7 22. Bg3 Nf6 23. f4
Rfe8 24. Bf2 Qd7 25. b3 Re7 26. Bd3 Rce8 $10 {Morovic,I-Illescas,M/ESP-chT/
1990/}) (12... Ne8 13. Qd2 f5 14. Rab1 h6 15. Rfc1 g5 16. Bg3 a5 17. Re1 b6 18.
Bb5 Nef6 19. Qc2 Nh5 20. Bh2 g4 21. hxg4 fxg4 22. Qg6 gxf3 23. Qxh5 Ne5 24.
Bxe5 Rf5 25. Qe8+ Qxe8 26. Bxe8 Bxe5 $40 {Fischer,J-Fedorov,V/Kusadasi op/1990/
}) 13. Re1 Rb8 14. Bf1 Nh5 15. Bg5 f6 16. Bh4 g5 17. Nd2 gxh4 18. Qxh5 f5 19.
f4 Nf6 20. Qf3 Re8 21. Bd3 $13 {1/2,Vegh,E-Wahls,M/Budapest/1988/}) 10... Ne5
11. Bxe5 Qxe5 12. Nc4 Qe7 13. Qd2 h5 14. Qf4 Bf5 15. e3 Rd8 16. Be2 Ne4 17. O-O
Bh6 18. Qh2 Bg7 19. Nxe4 Bxe4 20. Rfd1 g5 21. a5 g4 22. Rac1 Rh6 23. hxg4 hxg4
24. Qg3 f5 25. f3 $16 {Browne,W-Gurevich,D/USA-op/1987/}) 10. Nd2 $1 O-O (10...
Nh5 11. Bh2 f5 $2 12. Nc4 $18 {[%cal Rc4d6,Rc4b6] /\Nd6,Nb6}) (10... Nbd7 11.
Nc4 Ne5 12. Bxe5 dxe5 13. d6 (13. e3 $5 $16) 13... Qd8 14. Nxe5 O-O 15. e3 Ne8
16. Nc4 Be6 17. Nd5 b5 18. axb5 axb5 19. Rxa8 Qxa8 20. Ne7+ Kh8 21. d7 Nf6 22.
Nd6 Bxd7 $17 {@,Whitehead,J-De_Firmian/Estes Park ch-US/1987/}) 11. Nc4 Rd8 (
11... Ne8 $2 12. Nb6) (11... Ne4 12. Nxe4 Qxe4 13. e3 Nd7 14. Be2 Nf6 15. O-O
Rd8 16. Nxd6 Qe7 (16... Qxd5 17. Bc4) 17. Nxc8 Raxc8 18. d6 Qd7 19. Qb3 Re8 20.
Rfd1 Re4 21. Bc4 h6 22. Bh2 g5 23. f3 Ree8 24. e4 $18 {Bonin,J-Klovsky,R/New
York MCC/1994/}) 12. e3 Ne8 13. a5 $36 Nd7 14. Na4 {[%csl Rb6][%cal Yb2b4,
Gb1b5] ><b6 White is much better, as Black will not get the susual play with
b5 and counterplay on the K-side is unrealistic-his pieces are undeveloped and
White's pawn structure is solid. White's plan is not central expansion (e4,f4),
which would give also Black some attacking objects, but play on the Q-side(b4,
<->b)} Ne5 15. Nab6 (15. Bxe5 $5 Bxe5 16. Nab6 Rb8 17. Be2 $16 {was better,
now Black will free his position somewhat.}) 15... Nxc4 16. Bxc4 Rb8 17. Qd2
Nf6 (17... g5 $142 $5 18. Bh2 f5 19. O-O Nf6 20. Rac1 {[%cal Rb2b4] /\b4}) 18.
Be2 $5 Bd7 $6 (18... Nd7 $142 19. Nc4 Ne5 $14) 19. O-O Bb5 (19... h6 $5 {
[%cal Yf6e4,Yf7f5,Yg6g5] /\Ne4,g5,f5<=>}) 20. Bg5 $1 h6 21. Bxf6 Bxf6 {The ^^
doesn't ease Black's plight, as he will have to exchange the Bb5 (or move it
to a pssive square) sooner or later.} 22. Rab1 Qe4 (22... Bd7 $5 23. b4 Bf5 24.
Bd3 $16) 23. Rfc1 Be5 24. Bf1 $1 {White has exchanged all the dangerous pieces
and now Black can't stop b4, after which his position falls apart.} Re8 (24...
f5 25. b4 Bxf1 26. Kxf1 f4 27. bxc5 f3 28. Qc2 $5 fxg2+ 29. Kg1 $18) 25. b4
Bxf1 26. Kxf1 {Black's "strong" B on the long diagonal is uniquely helpless.}
Rbd8 (26... cxb4 27. Rxb4 Qf5 28. Rc7 $18 {[%cal Rb6d7,Rb6c4] ><b7,<->c,/\Nc4,
Nd7 A strategically lost position for Black, who will not manage to keep
material equal for long.}) 27. Qc2 Qh4 $5 (27... Qxc2 28. Rxc2 cxb4 29. Rxb4
$18 {[%csl Gd5][%cal Ye3e4,Yf2f4] After the Q are off White can even expand in
the center.}) 28. bxc5 dxc5 29. Qxc5 {Winning a pawn and freeing the passed
d-pawn, which will eventually decide the game.} Bd6 30. Qc4 Re4 31. Qd3 Re5 32.
Rc4 (32. Nc4 $2 Rf5 33. Rb2 Bg3 $13) 32... Qf6 33. Rc8 $1 $18 {Simple
chess-exchange pieces with extra material.} Ree8 34. Rxd8 Rxd8 35. Nc4 Bc5 36.
Rxb7 Qg5 37. d6 $1 Qf6 38. d7 {[%cal Rd3d5] /\Qd5} Qc6 $8 39. Qb3 $1 Rxd7 (
39... Kg7 40. Ne5 $18) 40. Rb8+ Bf8 (40... Kg7 41. Ne5) 41. Qb4 Kh7 42. Rxf8 (
42. Qxf8 Rd1+ (42... Qxc4+ 43. Kg1) 43. Ke2 Qxc4+ 44. Kxd1 Qd3+ 45. Kc1 Qc3+
46. Kb1 $18) 42... Qe4 43. Kg1 1-0

[Event "SUI-GP"]
[Site "Suhr"]
[Date "1991.??.??"]
[Round "1"]
[White "Zueger, Beat"]
[Black "Gavrikov, Viktor"]
[Result "0-1"]
[WhiteElo "2425"]
[BlackElo "2580"]
[Annotator "Stohl,I"]
[PlyCount "60"]
[EventDate "1991.03.??"]
[EventType "tourn"]
[EventRounds "9"]
[EventCountry "SUI"]
[EventCategory "8"]
[SourceTitle "CBM 022"]
[Source "ChessBase"]
[SourceDate "1991.06.01"]
[SourceVersion "1"]
[SourceVersionDate "1991.06.01"]
[SourceQuality "1"]

1. d4 Nf6 2. c4 e6 3. Nf3 c5 4. d5 d6 5. Nc3 exd5 6. cxd5 g6 7. h3 a6 (7... Bg7
8. e4 O-O 9. Bd3 {-A70}) 8. a4 Qe7 $5 9. Bg5 h6 (9... Nbd7 10. e3 h6 11. Bh4
Bg7 12. Be2 O-O 13. O-O Ne5 14. Nd2 g5 15. Bg3 Re8 $6 (15... Bf5 $5 $13 {
An.Karpov}) (15... Ne8 $6 {Stohl,I-Maus,So,BL 90/91} 16. Qc2 $1 $14 {/\} f5 17.
f4 $36) 16. Re1 Rb8 17. a5 Bf5 18. e4 Bg6 19. Ra4 $1 $14 {Karpov,An-De Firmian,
N,Biel 1990-CBM 19}) 10. Bxf6 $6 (10. Bh4 g5 (10... Nbd7 11. e3 {-9...Nbd7})
11. Bg3 Nh5 12. Bh2 f5 13. e3 {/\} f4 $6 14. Bd3 $40) 10... Qxf6 11. Nd2 Nd7 (
11... Bg7 $6 12. Nc4 {/\Nb6,Ne4}) 12. e3 Qe7 (12... Bg7 $2 13. Nce4 Qe7 14. Nc4
O-O 15. Nexd6 $16) 13. Nc4 Ne5 $1 $8 14. Nxe5 (14. Nb6 Rb8 15. a5 Bg7 16. Qa4+
Nd7 $15 {/\0-0}) 14... Qxe5 15. Bd3 Bg7 16. O-O O-O $132 {^^} 17. Qe2 Re8 (
17... Qg5 $5 {/\Bc3,Bh3} 18. f4 Qe7 $15) 18. a5 Bd7 (18... Qg5 19. Na4 $1 Bxh3
20. f4 Qg4 21. Nb6 $1 (21. Rf3 Rxe3 $1 22. Rxe3 Bd4 $17) 21... Qxe2 (21... Rad8
$2 22. Rf3 Rxe3 23. Rxe3 Bd4 24. Nc4) 22. Bxe2 Bf5 23. Nxa8 Rxa8 24. g4 Be4 25.
Bf3 Bd3 26. Rfd1 c4 27. Ra2 $14) 19. Rfe1 Rad8 (19... Qg5 $5 20. Qf3 h5 $15)
20. Ra3 Kh8 21. Rb3 Bc8 $13 22. Qf3 Rf8 23. Na4 Bd7 24. Nb6 Be8 25. Qe2 f5 {
/\f4} 26. Nc4 $2 (26. f4 Qe7 27. Qf3 $13) 26... Qxd5 27. e4 Qf7 28. Rb6 $6 (28.
exf5 gxf5 $17) 28... fxe4 29. Bxe4 Bb5 $19 30. Bd3 (30. b3 d5 31. Bxg6 Qf4 32.
g3 Qd4 33. Rd1 Rxf2 $1 $19) 30... Bd4 (30... Bd4 31. Rf1 Bc6 {/\Qd5-+ [Stohl]})
0-1

[Event "Leon"]
[Site "Leon"]
[Date "1992.??.??"]
[Round "8"]
[White "Garcia Ilundain, David"]
[Black "Franco Ocampos, Zenon"]
[Result "1-0"]
[WhiteElo "2420"]
[BlackElo "2520"]
[Annotator "Stohl,I"]
[PlyCount "77"]
[EventDate "1992.04.??"]
[EventType "tourn"]
[EventRounds "9"]
[EventCountry "ESP"]
[EventCategory "11"]
[SourceTitle "CBM 031"]
[Source "ChessBase"]
[SourceDate "1992.12.01"]
[SourceVersion "1"]
[SourceVersionDate "1992.12.01"]
[SourceQuality "1"]

1. d4 Nf6 2. c4 e6 3. Nf3 c5 4. d5 d6 5. Nc3 exd5 6. cxd5 g6 7. h3 (7. e4 a6 8.
a4 Bg4 $13) 7... a6 (7... Bg7 8. e4 (8. Bg5 $5 h6 9. Bh4 a6 10. a4 g5 11. Bg3
Bf5 $6 12. Nd2 O-O 13. e3 Bg6 14. Be2 Ne8 15. Nc4 f5 16. f4 Nd7 17. O-O Ndf6
18. Re1 Qe7 19. Bf3 $16 {Hjelmas,J-Hultin,L,Gausdal Troll Masters 1991-TD 91_06
}) 8... O-O 9. Bd3 {-A70}) 8. a4 Qe7 9. Bg5 (9. Nd2 Nbd7 10. Nc4 Ne5 11. Nb6
Rb8 12. e4 Bg7 13. Be2 O-O 14. O-O Ned7 15. Nxc8 Rfxc8 16. Bf4 c4 17. Re1 b5
18. axb5 axb5 19. Ra6 Ne5 20. b4 cxb3 21. Qxb3 b4 $13 {Shabtai,R-Lev,R,Tel
Aviv-B 1992-EXP 29}) 9... Bg7 (9... h6 $5 10. Bxf6 (10. Bh4 $5 g5 11. Bg3 Nh5
12. Bh2 f5 $132) 10... Qxf6 11. Nd2 Nd7 12. e3 Qe7 13. Nc4 Ne5 14. Nxe5 (14.
Nb6 $142 Rb8 $10) 14... Qxe5 15. Bd3 Bg7 16. O-O O-O 17. Qe2 Re8 18. a5 Bd7 $15
{Zueger,B-Gavrikov,V,SWZ-GP Suhr 1991-CBM 22}) 10. e3 h6 11. Bh4 O-O 12. Be2 g5
$6 (12... Nbd7 13. O-O Ne5 $1 14. Nd2 $13) 13. Bg3 Bf5 14. Nd2 Nbd7 15. Nc4 Ne8
16. Bg4 $16 Bxg4 $8 (16... Bg6 17. Bxd7 Qxd7 18. Nb6 $18) 17. hxg4 Rb8 18. Qe2
$6 (18. Qd3 $1 b5 19. axb5 axb5 20. Na5 $16) (18. O-O h5 $5 19. gxh5 f5 20. Re1
Qf6 $132) (18. a5 $5 $16) 18... b5 $1 $8 19. axb5 axb5 20. Na5 Bxc3+ $8 21.
bxc3 Qf6 22. O-O (22. Qc2 b4 $13) 22... Qxc3 23. Nc6 Rb7 24. Rac1 Qf6 25. f4
$44 {׻} Nb8 $5 (25... b4 26. fxg5 Qxg5 27. Rf5 Qg7 28. Qa6 $16) (25... c4 26.
fxg5 Qxg5 27. Rf5 Qg7 28. Bh4 f6 29. Nd4 $44) 26. fxg5 Qxg5 27. Rf5 Qg6 28.
Rcf1 (28. Na5 Re7 29. Qxb5 Qxg4 30. Rf3 Qb4 $15) 28... Nxc6 29. dxc6 Rb6 $8 (
29... Rb8 30. Qa2 $1 $36) 30. Bh4 Rxc6 $2 (30... f6 $142 31. Qd3 (31. Qa2+ Qf7
32. Qa5 Rxc6 $15) 31... Ng7 32. Qd5+ (32. Qxd6 Nxf5 33. gxf5 Qe8 $17) 32... Qf7
$8 33. Rxf6 (33. Qxf7+ Rxf7 34. Rxf6 Rxf6 35. Rxf6 Rxc6 $17) 33... Qxd5 34.
Rxf8+ Kh7 35. c7 Rc6 36. c8=Q Rxc8 37. Rxc8 $132) 31. Be7 Rb6 (31... Rc7 $5 32.
Bxf8 Kxf8 33. Qxb5 Re7 $16) 32. Bxf8 Kxf8 33. Qf3 {׻} f6 $8 34. Qa8 {/\Rf6+-}
d5 $8 (34... Kg7 35. Qa7+ $18) 35. Qxd5 Kg7 36. Qxc5 $18 Re6 37. Ra1 $1 Qxg4
38. Ra7+ Kg8 39. Qd5 (39. Qd5 Qe4 (39... Ng7 40. Rxg7+ $18) 40. Qd7 Qxe3+ 41.
Kh2 $18 {[Stohl]}) 1-0